000 00269nam a2200109Ia 4500
008 190216s9999||||xx |||||||||||||| ||und||
100 _aAboobacker Kunju
245 0 _aEnglish Grammer And Competitions
260 _bPrabhath Book House
650 _aEnglish
942 _cBK
999 _c13565
_d13565